00570nam a2200157 a 450000100080000000500110000800800410001910000260006024502030008626000520028930000100034150000220035165300150037365300110038865300130039911101181995-11-21 1994 bl uuuu m 00u1 u #d1 aAMARAL JUNIOR, H. de. aUtilizacion de extractos crudos de hipofisis de gallina, Gallus domesticus, para induccion al desove de la tenca, Tinca tinta (L.1758). opcion de banco de hipofisis para el pequeno productor rural.. aMadrid: Universidad complutense de Madridc1994 a131p. aTese de doutorado aAVICULTURA aFRANGO aHORMONIO